000
00321 a2200157 4500
001
61765
020
_a
040
_c
Anchieta - Pituba
100
_a
Baleeiro, Vilma
240
1
0
_a
Cidadã do mundo
_l
por
245
1
0
_a
Cidadã do mundo
300
_a
70
362
0
_a
1985
650
4
_a
Poesia brasileira
942
_c
BK
999
_c
61765
_d
61765